[Event "Tournoi n27285"]
[Site "www.echecsemail.com"]
[Date "2026.01.01"]
[Round "1"]
[White "Picasso"]
[Black "Nicadria22"]
[WhiteElo "2070"]
[BlackElo "1930"]
[Result "1-0"]
1.e4 e6
2.d4 d5
3.exd5 exd5
4.Ng1f3 Bc8g4
5.h3 Bg4h5
6.Qd1e2 Qd8e7
7.Bc1e3 a6
8.g4 Bh5g6
9.Bf1g2 Bg6e4
10.O-O h6
11.Nb1c3 Ng8f6
12.Rf1e1 g5
13.Nc3xe4 Nf6xe4
14.Nf3e5 Qe7e6
15.Qe2d3 Bf8g7
16.Bg2xe4 dxe4
17.Qd3xe4 c6
18.Be3d2 O-O
19.Qe4f3 Qe6d6
20.c3 b5
21.Ra1d1 f6
22.Ne5d3 Nb8d7
23.Qf3f5 Kf7
24.f4 Rf8e8
25.Kg2 Qd6d5
26.Qf5xd5 cxd5
27.Re1f1 Re8e2
28.Kg3 Kg6
29.f5 Kf7
30.Kf3 Ra8e8
31.Rf1e1 Re2e7
32.Re1xe7 Re8xe7
33.Rd1e1 Bg7f8
34.b4 Nd7b6
35.Nd3c5 Re7xe1
36.Bd2xe1 Bf8xc5
37.dxc5 Nb6c4
38.Ke2 Ke7
39.Kd3 Kd7
40.Kd4 Kc6
41.Be1g3 a5
42.Bg3h2 a4
43.Bh2g3 Nc4b2
44.Bg3d6 { abandon }1-0

[Event "Défi( 10J+24H/c 10J Max )"]
[Site "www.echecsemail.com"]
[Date "2026.01.01"]
[Round "1"]
[White "Emmanuel"]
[Black "Jmarcboury"]
[WhiteElo "1920"]
[BlackElo "2160"]
[Result "0-1"]
1.e4 c5
2.Ng1f3 Nb8c6
3.Bf1b5 e6
4.Nb1c3 Nc6d4
5.O-O Nd4xb5
6.Nc3xb5 a6
7.Nb5c3 b5
8.a3 Bc8b7
9.d3 d6
10.Rf1e1 Bf8e7
11.d4 cxd4
12.Nf3xd4 Ng8f6
13.f4 O-O
14.Re1e3 e5
15.Nd4f5 g6
16.Nf5h6 Kg7
17.Re3h3 Nf6xe4
18.Nc3xe4 Bb7xe4
19.f5 Ra8c8
20.c3 Kh8
21.Qd1g4 Rc8c4
22.Qg4g3 gxf5
23.b3 Rc4c8
24.Bc1d2 f4
25.Qg3g4 f5
26.Qg4h5 Qd8e8
27.Qh5xe8 Rc8xe8
28.Ra1f1 Rf8f6
29.g4 fxg4
30.Rh3h5 Rf6xh6
31.Rh5xh6 Kg7
32.Rh6e6 Be4d5
33.Re6xe7 Re8xe7
34.b4 h5
35.Rf1e1 Re7e6
36.Kf2 Kg6
37.Re1g1 Kf5
38.Rg1e1 h4
39.Re1a1 e4
40.Kg1 g3
41.hxg3 hxg3
42.a4 Bd5c4
43.axb5 Bc4xb5
44.Ra1c1 d5
45.c4 Bb5xc4
46.Bd2c3 Kg4
47.Bc3d4 e3
48.Bd4c3 f3
{ abandon }0-1

[Event "Tournoi n27302"]
[Site "www.echecsemail.com"]
[Date "2026.01.01"]
[Round "1"]
[White "Gonzok67"]
[Black "Verson"]
[WhiteElo "1840"]
[BlackElo "1810"]
[Result "1-0"]
1.e4 e6
2.d4 d5
3.exd5 exd5
4.Ng1f3 Ng8f6
5.b3 Bf8d6
6.c4 O-O
7.c5 Bd6e7
8.Nb1c3 Bc8g4
9.Bf1e2 c6
10.O-O Nb8d7
11.h3 Bg4h5
12.g4 Bh5g6
13.Be2d3 Bg6xd3
14.Qd1xd3 Nf6e4
15.Nc3xe4 dxe4
16.Qd3xe4 Nd7f6
17.Qe4e5 Nf6d7
18.Qe5g3 Be7f6
19.Bc1b2 Rf8e8
20.Rf1e1 Nd7f8
21.Ra1b1 Qd8d7
22.Nf3e5 Qd7c7
23.f4 Nf8g6
24.Ne5xg6 hxg6
25.Re1e3 Kf8
26.Rb1e1 g5
27.Re3xe8 Ra8xe8
28.Re1xe8 Kxe8
29.Qg3e3 Qc7e7
30.Qe3xe7 Bf6xe7
31.f5 Be7f6
32.Kf2 Kd7
33.Ke3 b6
34.b4 bxc5
35.bxc5 Kc7
36.Ke4 Kd7
37.Bb2c3 Bf6d8
38.d5 cxd5
39.Kxd5 f6
40.Bc3b4 a6
41.c6 Kc7
42.Bb4f8 a5
43.Bf8xg7 a4
44.Bg7f8 Kc8
45.Ke6 Kc7
46.Bf8g7 { abandon }1-0

[Event "Tournoi n27318"]
[Site "www.echecsemail.com"]
[Date "2026.01.01"]
[Round "1"]
[White "Verson"]
[Black "Jazzzz"]
[WhiteElo "1880"]
[BlackElo "1970"]
[Result "0-1"]
1.d4 g6
2.Bc1f4 Bf8g7
3.e4 e6
4.Bf1d3 Bg7xd4
5.Ng1e2 Bd4xb2
6.Nb1d2 Bb2xa1
7.Qd1xa1 f6
8.O-O Nb8c6
9.Nd2f3 b6
10.h3 Bc8b7
11.e5 f5
12.Bf4g5 Nc6e7
13.h4 c5
14.Bg5f6 Ng8xf6
15.exf6 Ne7d5
16.Nf3g5 Qd8xf6
17.Qa1xf6 Nd5xf6
18.Bd3b5 h6
19.Ng5xe6 Ke7
20.Ne6f4 g5
21.Nf4g6 Kf7
22.Ng6xh8 Ra8xh8
23.hxg5 hxg5
24.Rf1d1 d5
25.Ne2g3 Kg6
26.Bb5d3 Nf6e4
27.Ng3xe4 fxe4
28.Bd3e2 Kf5
29.f3 e3
30.g3 d4
31.Rd1f1 a6
32.Be2d3 Kf6
33.Rf1e1 Bb7xf3
{ abandon }0-1

[Event "Tournoi n27326"]
[Site "www.echecsemail.com"]
[Date "2026.01.01"]
[Round "1"]
[White "Lancien57"]
[Black "Abelito"]
[WhiteElo "1480"]
[BlackElo "1610"]
[Result "1-0"]
1.e4 e5
2.Ng1f3 Nb8c6
3.Nb1c3 Ng8f6
4.d4 d6
5.dxe5 Nc6xe5
6.Nf3xe5 dxe5
7.Bf1e2 Bf8b4
8.Be2f3 O-O
9.Qd1xd8 Rf8xd8
10.Bc1e3 c6
11.O-O b6
12.Ra1d1 Bc8e6
13.Rd1xd8 Ra8xd8
14.a3 Bb4c5
15.Be3xc5 bxc5
16.h3 Be6c4
17.Rf1e1 Nf6h5
18.Bf3xh5 Rd8d2
19.Re1c1 a5
20.Nc3a4 g6
21.Bh5f3 Bc4b5
22.Na4xc5 Bb5c4
23.b3 Bc4e6
24.Nc5xe6 fxe6
25.b4 a4
26.Bf3g4 Kf7
27.c4 Rd2a2
28.b5 cxb5
29.cxb5 Ra2xa3
30.Rc1b1 h5
31.Bg4d1 Ke7
32.b6 Ra3c3
33.Bd1xa4 Rc3c8
34.b7 Rc8b8
35.Rb1b6 g5
36.Ba4c6 Kd6
37.Bc6b5 Kc7
38.Rb6xe6 Kxb7
39.Bb5c6 Kc7
40.Bc6d5 Kd7
41.Re6xe5 Rb8h8
42.Bd5e6 Kd6
43.Re5xg5 Kxe6
44.f4 Kf6
45.e5 Kf7
46.g4 h4
47.Kg2 Rh8g8
48.Rg5h5 Kg6
49.Rh5xh4 Rg8f8
50.f5 Kg5
51.Kg3 Rf8f7
52.Rh4h5 1-0

[Event "Coupe Niveau 4"]
[Site "www.echecsemail.com"]
[Date "2026.01.01"]
[Round "1"]
[White "Jmarcboury"]
[Black "Elghribi"]
[WhiteElo "2180"]
[BlackElo "1920"]
[Result "1-0"]
1.d4 Ng8f6
2.c4 g6
3.Nb1c3 Bf8g7
4.e4 d6
5.h3 O-O
6.Bc1e3 h6
7.Qd1d2 Kh7
8.Ng1f3 Nb8c6
9.g4 e5
10.d5 Nc6e7
11.O-O-O Nf6e8
12.Kb1 a6
13.h4 Bc8xg4
14.Bf1g2 f5
15.Qd2c2 fxe4
16.Nc3xe4 Bg4xf3
17.Bg2xf3 Rf8xf3
18.h5 Ne7f5
19.Qc2e2 Nf5xe3
20.Qe2xf3 Ne3xd1
21.hxg6 Kh8
22.Qf3f7 Ne8f6
23.Ne4xf6 { abandon }1-0

[Event "Défi( 10J+24H/c 10J Max )"]
[Site "www.echecsemail.com"]
[Date "2026.01.01"]
[Round "1"]
[White "Pourquoipas"]
[Black "Khamis"]
[WhiteElo "1640"]
[BlackElo "1850"]
[Result "0-1"]
1.f4 d5
2.Ng1f3 Nb8c6
3.e3 g6
4.Bf1b5 Bc8d7
5.O-O Bf8g7
6.c3 Ng8f6
7.b3 O-O
8.Qd1e1 a6
9.Bb5d3 Rf8e8
10.c4 Nc6b4
11.Bd3e2 Nb4c2
12.Qe1d1 Nc2xa1
13.h3 c6
14.Bc1b2 Na1xb3
15.Qd1xb3 Ra8b8
16.Nf3h2 b5
17.Bb2d4 bxc4
18.Qb3c3 Nf6e4
19.Qc3c2 Bg7xd4
20.exd4 Qd8b6
21.Be2xc4 Qb6xd4
22.Kh1 dxc4
23.Nh2f3 Qd4d3
24.Qc2d1 Ne4g3
25.Kg1 Ng3xf1
{ abandon }0-1

[Event "OAHU 2"]
[Site "www.echecsemail.com"]
[Date "2026.01.01"]
[Round "1"]
[White "Pgo"]
[Black "Casisimed"]
[WhiteElo "1700"]
[BlackElo "1650"]
[Result "1-0"]
1.e4 e5
2.Bf1c4 Bf8c5
3.Ng1f3 d6
4.h3 Ng8f6
5.d3 c6
6.O-O O-O
7.Bc1g5 Nb8d7
8.Nb1c3 h6
9.Bg5h4 Qd8b6
10.Nc3a4 Qb6b4
11.b3 b5
12.Na4xc5 dxc5
13.a3 Qb4a5
14.b4 cxb4
15.axb4 Qa5c7
16.Bc4b3 a5
17.bxa5 Ra8xa5
18.Bh4xf6 Ra5xa1
19.Qd1xa1 gxf6
20.Nf3h4 Nd7c5
21.Qa1b2 Qc7e7
22.Nh4g6 Qe7d7
23.Ng6xf8 Kxf8
24.Bb3a2 Nc5a4
25.Qb2b4 Kg7
26.f4 Qd7d4
27.Qb4xd4 exd4
28.g4 Na4c3
29.Ba2b3 Kg6
30.f5 Kg5
31.Bb3xf7 Nc3e2
32.Kf2 Ne2f4
33.Rf1h1 c5
34.Kf3 h5
35.h4 Kh6
36.Kxf4 hxg4
37.Kxg4 Kg7
38.Bf7e6 Bc8a6
39.h5 c4
40.h6 Kh7
41.Kh5 cxd3
42.cxd3 b4
43.Rh1g1 Ba6xd3
44.Rg1g7 Kh8
45.Kg6 { abandon }1-0

[Event "Tournoi n27330"]
[Site "www.echecsemail.com"]
[Date "2026.01.01"]
[Round "1"]
[White "Tiounet"]
[Black "Lancien57"]
[WhiteElo "1610"]
[BlackElo "1480"]
[Result "1-0"]
1.a3 Nb8c6
2.b4 a6
3.Bc1b2 Ng8f6
4.g3 d6
5.Bf1g2 e5
6.Ng1f3 Bf8e7
7.O-O Bc8d7
8.c4 b6
9.d3 O-O
10.Nb1c3 Nc6d4
11.Nf3xd4 Ra8b8
12.Nd4f3 h6
13.a4 a5
14.b5 c6
15.Qd1c2 cxb5
16.axb5 Qd8c8
17.Rf1e1 Rf8e8
18.Nf3d2 Bd7e6
19.Nd2e4 Nf6xe4
20.Nc3xe4 Qc8d8
21.Ne4c3 Be7f6
22.Nc3d5 Be6xd5
23.Bg2xd5 Qd8e7
24.Qc2d2 Rb8c8
25.Qd2e3 Bf6g5
26.Qe3f3 Qe7f6
27.Qf3xf6 Bg5xf6
28.Bb2a3 Rc8d8
29.h4 h5
30.Bd5c6 Re8e7
31.Ba3c1 Re7c7
32.Bc1e3 g6
33.Be3g5 Bf6xg5
34.hxg5 Kg7
35.f4 exf4
36.gxf4 Rd8f8
37.e4 f6
38.gxf6 Rf8xf6
39.Re1f1 Kh6
40.f5 g5
41.Kh2 h4
42.Kh3 Kh5
43.Bc6e8 Kh6
44.Kg4 Rc7c8
45.Be8d7 Rc8d8
46.Bd7e6 Rd8e8
47.Rf1f3 Re8a8
48.Be6d5 Ra8a7
49.d4 a4
50.e5 dxe5
51.dxe5 Rf6f8
52.f6 Kg6
53.Ra1f1 a3
54.f7 a2
55.e6 a1Q
56.Rf1xa1 Ra7xa1
57.Kh3 Ra1e1
58.Kg2 Re1e2
59.Rf3f2 Re2e5
60.Rf2a2 g4
61.Ra2a7 h3
62.Kg3 Kf5
63.e7 Re5e3
64.Kf2 Re3xe7
65.Ra7xe7 h2
66.Re7e8 Rf8xf7
67.Re8h8 Kg5
68.Bd5xf7 Kf4
69.Kg2 g3
70.Rh8b8 Kg4
71.Rb8xb6 Kf4
72.Rb6e6 Kg4
73.b6 Kf4
74.b7 Kg4
75.b8Q Kh4
76.Qb8f4 1-0

[Event "Tournoi n27295"]
[Site "www.echecsemail.com"]
[Date "2026.01.01"]
[Round "1"]
[White "Philoconche"]
[Black "Jlr"]
[WhiteElo "1490"]
[BlackElo "1380"]
[Result "1-0"]
1.c4 e5
2.Nb1c3 Ng8f6
3.g3 h6
4.Bf1g2 Bf8c5
5.Ng1f3 a6
6.O-O d6
7.d3 g5
8.a3 g4
9.Nf3d2 c6
10.Nd2e4 Bc5d4
11.e3 Bd4xc3
12.bxc3 h5
13.c5 d5
14.Ne4xf6 Qd8xf6
15.Bc1b2 h4
16.f4 h3
17.Bg2h1 Qf6e7
18.c4 Qe7xc5
19.Qd1e2 e4
20.Bb2xh8 Bc8f5
21.Bh8d4 Qc5a5
22.Rf1c1 dxc4
23.dxc4 c5
24.Bd4c3 Qa5c7
25.Qe2b2 Nb8c6
26.Qb2c2 O-O-O
27.Bh1xe4 Bf5e6
28.Bc3f6 Rd8d6
29.Bf6e5 Nc6xe5
30.fxe5 Rd6b6
31.Ra1b1 Qc7xe5
32.Rb1xb6 Kc7
33.Rb6xb7 Kc8
34.Rc1b1 f5
35.Be4d3 Qe5xe3
36.Qc2f2 Qe3xd3
37.Qf2xc5 Kd8
38.Qc5f8 1-0

[Event "HAWAII  2"]
[Site "www.echecsemail.com"]
[Date "2026.01.01"]
[Round "1"]
[White "Casisimed"]
[Black "Brettsinclair"]
[WhiteElo "1600"]
[BlackElo "1890"]
[Result "0-1"]
1.e4 c5
2.Nb1c3 d6
3.Bf1b5 Bc8d7
4.Bb5xd7 Qd8xd7
5.d3 Nb8c6
6.Ng1f3 g6
7.d4 cxd4
8.Nf3xd4 Bf8g7
9.Nd4xc6 Qd7xc6
10.O-O Ng8f6
11.Bc1g5 O-O
12.Rf1e1 Qc6c5
13.Qd1d2 Rf8d8
14.Qd2f4 Rd8e8
15.Bg5xf6 Bg7xf6
16.Nc3d5 Bf6e5
17.Qf4h6 e6
18.Nd5e3 Be5xb2
19.Ra1b1 Bb2c3
20.Ne3g4 Bc3g7
21.Qh6f4 f5
22.exf5 exf5
23.Ng4h6 Bg7xh6
24.Re1xe8 Ra8xe8
25.Qf4xh6 Qc5xc2
26.Rb1f1 Qc2xa2
27.Rf1d1 d5
28.Kf1 Qa2c4
29.Kg1 Qc4e2
30.Rd1f1 d4
31.Qh6c1 b5
32.Qc1a1 d3
33.Qa1xa7 d2
34.Qa7d4 Qe2xf1
{ abandon }0-1

[Event "Défi( 10J+24H/c 10J Max )"]
[Site "www.echecsemail.com"]
[Date "2026.01.01"]
[Round "1"]
[White "Titit1"]
[Black "Luc20"]
[WhiteElo "1480"]
[BlackElo "1870"]
[Result "0-1"]
1.Nb1c3 e5
2.e4 Bf8c5
3.Ng1f3 Nb8c6
4.Bf1c4 d6
5.d3 Bc8g4
6.Nc3d5 Ng8e7
7.Bc1g5 f6
8.Bg5d2 a6
9.Nd5xe7 Qd8xe7
10.O-O b5
11.Bc4d5 Kd7
12.a3 Ra8f8
13.b4 Bc5b6
14.Rf1e1 h6
15.c4 Nc6d4
16.Bd2e3 bxc4
17.Bd5xc4 Nd4xf3
18.gxf3 Bg4h5
19.Be3xb6 cxb6
20.Bc4b3 b5
21.Ra1c1 Rf8c8
22.Rc1a1 Qe7e8
23.Qd1e2 Qe8g6
24.Kf1 Qg6g5
25.Re1d1 Qg5f4
26.Kg1 Bh5xf3
27.Qe2f1 Qf4g4
28.Qf1g2 Qg4xg2
0-1

[Event "Tournoi n27353"]
[Site "www.echecsemail.com"]
[Date "2026.01.01"]
[Round "1"]
[White "Lancien57"]
[Black "4x4"]
[WhiteElo "1460"]
[BlackElo "1500"]
[Result "0-1"]
1.e4 e5
2.Ng1f3 d6
3.Nb1c3 Bc8e6
4.d4 Be6g4
5.Bf1e2 Bg4xf3
6.Be2xf3 Ng8f6
7.Bc1g5 Bf8e7
8.dxe5 dxe5
9.O-O Nb8c6
10.Rf1e1 Nc6d4
11.Bg5e3 Nd4xf3
12.Qd1xf3 Be7b4
13.Be3g5 Bb4xc3
14.bxc3 Qd8e7
15.a3 O-O-O
16.c4 Rd8d4
17.c5 Qe7xc5
18.Qf3f5 Kb8
19.Bg5xf6 gxf6
20.Qf5xf6 Rh8d8
21.Qf6xf7 Rd8f8
22.Qf7xh7 Rd4d2
23.Re1f1 Rd2xf2
24.Qh7h4 Rf2xf1
0-1

[Event "Défi( 10J+24H/c 10J Max )"]
[Site "www.echecsemail.com"]
[Date "2026.01.01"]
[Round "1"]
[White "Sierra117"]
[Black "Asvel69"]
[WhiteElo "1630"]
[BlackElo "1710"]
[Result "1-0"]
1.Ng1f3 Nb8c6
2.c4 e5
3.d3 h6
4.Nb1c3 Ng8f6
5.g3 Bf8c5
6.Bf1g2 Nf6g4
7.O-O O-O
8.h3 Ng4f6
9.a3 a6
10.b4 Bc5d6
11.c5 Bd6e7
12.d4 exd4
13.Nf3xd4 d5
14.Nd4xc6 bxc6
15.e3 Ra8b8
16.Bc1b2 Nf6h7
17.Rf1e1 Be7f6
18.Qd1c2 Bc8e6
19.Ra1d1 Qd8e7
20.Nc3e2 Bf6xb2
21.Qc2xb2 Qe7d7
22.Ne2d4 Nh7f6
23.Nd4xe6 Qd7xe6
24.Qb2d4 Rf8d8
25.f3 Nf6h5
26.Kf2 Qe6g6
27.g4 Nh5f6
28.Kg3 Nf6h5
29.Kf2 Nh5f6
30.Bg2f1 Qg6g5
31.Bf1xa6 Rb8a8
32.Qd4d3 Nf6d7
33.Ba6b7 Ra8a7
34.Bb7xc6 Qg5h4
35.Kg2 Nd7e5
36.Qd3b5 Qh4f6
37.Bc6xd5 c6
38.Bd5xc6 Ne5xc6
39.Rd1xd8 Nc6xd8
40.a4 Kh7
41.Qb5d3 g6
42.Qd3c2 Nd8c6
43.b5 Nc6a5
44.Re1d1 Ra7e7
45.e4 Qf6e6
46.c6 Na5c4
47.Rd1d3 Nc4e5
48.Rd3d1 Qe6f6
49.Qc2e2 h5
50.a5 hxg4
51.hxg4 Kg7
52.Rd1c1 Re7e8
53.c7 Qf6e6
54.b6 Ne5c6
55.a6 Nc6a7
56.bxa7 Re8a8
57.Qe2c4 Qe6c8
58.Qc4c6 Ra8xa7
59.Qc6c3 Kg8
60.Qc3c5 Ra7xa6
61.Qc5d5 Ra6e6
62.Qd5d8 Re6e8
63.Rc1d1 Kf8
64.Qd8xc8 Re8xc8
65.Rd1d8 Rc8xd8
66.cxd8Q Kg7
67.Qd8e7 { abandon }1-0

[Event "Défi( 10J+24H/c 10J Max )"]
[Site "www.echecsemail.com"]
[Date "2026.01.01"]
[Round "1"]
[White "Augustin"]
[Black "4x4"]
[WhiteElo "1490"]
[BlackElo "1500"]
[Result "1-0"]
1.e4 e5
2.Ng1f3 d6
3.Bf1c4 Bc8e6
4.Qd1e2 Nb8c6
5.c3 Ng8f6
6.d3 Qd8d7
7.O-O O-O-O
8.Bc1e3 a6
9.Nb1d2 b5
10.Bc4xe6 fxe6
11.b4 Bf8e7
12.Nf3g5 Rd8f8
13.a4 g6
14.axb5 Nf6h5
15.bxc6 Nh5f4
16.Qe2g4 Qd7xc6
17.Ra1c1 Be7xg5
18.Be3xf4 Bg5xf4
19.Rf1d1 Bf4xd2
20.Rd1xd2 Qc6d7
21.Rc1a1 Kb7
22.Ra1a5 Rf8f4
23.Qg4h3 h5
24.Qh3e3 Qd7c6
25.c4 g5
26.g3 Rf4f6
27.b5 Qc6c5
28.d4 Qc5xc4
29.dxe5 dxe5
30.Ra5xa6 Qc4xb5
31.Qe3a7 Kc8
32.Qa7a8 Qb5b8
33.Qa8c6 Rh8d8
34.Rd2xd8 Kxd8
35.Ra6a8 Kc8
36.Qc6e8 Kb7
37.Qe8xb8 Kc6
38.Ra8a6 Kc5
39.Qb8xc7 Kd4
40.Ra6d6 Kxe4
41.Kg2 Kf5
42.Qc7h7 Rf6g6
43.Qh7f7 Rg6f6
44.Qf7b7 g4
45.Qb7b1 e4
46.h3 Ke5
47.Qb1b4 Kf5
48.hxg4 hxg4
49.Rd6d2 Kg5
50.Qb4xe4 Rf6g6
51.f3 gxf3
52.Kh3 Rg6f6
53.Qe4g4 Kh6
54.Kh4 Rf6g6
55.Qg4h5 Kg7
56.Rd2d7 Kf6
57.Qh5xf3 Ke5
58.g4 Rg6h6
59.Kg5 Rh6f6
60.Qf3c3 Ke4
61.Qc3xf6 e5
62.Qf6f5 Ke3
63.Qf5d3 Kf2
64.Rd7f7 Kg2
65.Qd3f3 Kh2
66.Rf7h7 Kg1
67.Rh7h1 1-0

[Event "Défi"]
[Site "www.echecsemail.com"]
[Date "2026.01.01"]
[Round "1"]
[White "Verson"]
[Black "Wenoketo"]
[WhiteElo "1870"]
[BlackElo "1640"]
[Result "1-0"]
1.d4 d5
2.Ng1f3 Ng8f6
3.e3 Bc8f5
4.c4 dxc4
5.Bf1xc4 e6
6.O-O Nb8d7
7.Nb1c3 Bf8e7
8.h3 h6
9.Qd1e2 O-O
10.e4 Bf5h7
11.Bc1f4 a6
12.e5 Nf6e8
13.Bc4d3 Bh7xd3
14.Qe2xd3 Nd7b6
15.Rf1d1 c6
16.Bf4e3 Nb6d5
17.Nc3xd5 cxd5
18.Ra1c1 Ra8c8
19.Rc1xc8 Qd8xc8
20.Rd1c1 Qc8b8
21.Qd3c3 b5
22.Qc3c6 Qb8a7
23.Nf3d2 Kh7
24.Nd2b3 g6
25.Nb3c5 Be7xc5
26.Rc1xc5 Ne8g7
27.Qc6d6 Kg8
28.Be3xh6 Ng7f5
29.Qd6xf8 { abandon }1-0

[Event "Coupe Niveau 3"]
[Site "www.echecsemail.com"]
[Date "2026.01.01"]
[Round "1"]
[White "Verson"]
[Black "4x4"]
[WhiteElo "1870"]
[BlackElo "1480"]
[Result "1-0"]
1.d4 d5
2.Ng1f3 e6
3.e3 Nb8c6
4.c4 Ng8f6
5.Nb1c3 Bf8b4
6.Bc1d2 Bb4xc3
7.Bd2xc3 Nf6e4
8.Bf1d3 f5
9.O-O a5
10.Ra1c1 Nc6b4
11.a3 Nb4a2
12.Rc1c2 Na2xc3
13.bxc3 c6
14.cxd5 exd5
15.Nf3e5 Bc8e6
16.Qd1h5 g6
17.Qh5h6 Qd8e7
18.Bd3xe4 fxe4
19.Ne5xg6 Qe7f7
20.Ng6xh8 Qf7g8
21.Rf1b1 O-O-O
22.Rc2b2 Rd8d7
23.Qh6f6 Kb8
24.Rb2b6 Be6h3
25.g3 Qg8g4
26.Qf6xc6 Qg4f3
27.Rb6xb7 Rd7xb7
28.Qc6xb7 1-0

[Event "Marmotte chess  3"]
[Site "www.echecsemail.com"]
[Date "2026.01.01"]
[Round "1"]
[White "Marmotte"]
[Black "Abelito"]
[WhiteElo "1500"]
[BlackElo "1580"]
[Result "1-0"]
1.e4 e5
2.Bf1c4 Ng8f6
3.d3 Nb8c6
4.a3 Bf8c5
5.Bc1e3 d6
6.Ng1f3 Bc8g4
7.Nb1d2 Nc6d4
8.c3 Nd4xf3
9.Nd2xf3 d5
10.exd5 Nf6xd5
11.Be3xc5 b6
12.Bc4xd5 Qd8xd5
13.Bc5e3 c5
14.Qd1a4 Bg4d7
15.Qa4e4 Qd5xe4
16.dxe4 f6
17.O-O Bd7b5
18.Rf1d1 O-O
19.Rd1d6 Ra8d8
20.Ra1d1 Rd8c8
21.Nf3h4 Bb5a4
22.Rd1d2 Rc8c6
23.Rd6xc6 Ba4xc6
24.f3 Bc6b7
25.Nh4f5 a5
26.Rd2d7 Bb7c8
27.Nf5e7 Kh8
28.Ne7xc8 Rf8xc8
29.Kf1 h6
30.Ke2 g5
31.Rd7d6 Kg7
32.Rd6xb6 c4
33.Rb6a6 Rc8d8
34.Ra6xa5 Rd8d3
35.Ra5c5 { abandon }1-0

[Event "Tournoi n27342"]
[Site "www.echecsemail.com"]
[Date "2026.01.01"]
[Round "1"]
[White "Albescab"]
[Black "Patbe"]
[WhiteElo "1680"]
[BlackElo "1570"]
[Result "1-0"]
1.e4 e5
2.Ng1f3 d6
3.d3 Bc8g4
4.Bf1e2 Bg4xf3
5.Be2xf3 Nb8c6
6.Bc1e3 Ng8e7
7.O-O a5
8.Nb1c3 Nc6b4
9.a3 Nb4c6
10.Be3g5 f6
11.Bg5h4 g5
12.Bh4g3 Nc6d4
13.Bf3h5 Ne7g6
14.Nc3d5 Qd8d7
15.Nd5xf6 { abandon }1-0

[Event "Memorial Lara CIII"]
[Site "www.echecsemail.com"]
[Date "2026.01.01"]
[Round "1"]
[White "Orosco"]
[Black "Connecticcut"]
[WhiteElo "2270"]
[BlackElo "1860"]
[Result "0-1"]
1.e4 e5
2.Ng1f3 Nb8c6
3.Bf1b5 Qd8f6
4.O-O Bf8c5
5.d3 h6
6.Bc1e3 d6
7.Be3xc5 dxc5
8.Bb5xc6 bxc6
9.Nb1d2 Ng8e7
10.Nd2b3 c4
11.dxc4 O-O
12.Qd1e2 Ne7g6
13.Qe2e3 Ng6f4
14.Rf1d1 Bc8g4
15.Nb3c5 Bg4xf3
16.Qe3xf3 Rf8d8
17.Nc5a6 Rd8xd1
18.Ra1xd1 Ra8d8
19.Rd1xd8 Qf6xd8
20.Qf3d1 Qd8xd1
0-1

[Event "Défi( 10J+24H/c 10J Max )"]
[Site "www.echecsemail.com"]
[Date "2026.01.01"]
[Round "1"]
[White "Chobi"]
[Black "Cavalierfou"]
[WhiteElo "1770"]
[BlackElo "1780"]
[Result "1-0"]
1.d4 d5
2.c4 dxc4
3.Qd1a4 Nb8c6
4.Nb1c3 Qd8xd4
5.Ng1f3 Qd4g4
6.h3 Qg4e6
7.Bc1f4 Kd8
8.Ra1d1 Bc8d7
9.e3 Nc6e5
10.Nf3xe5 Ng8f6
11.Bf1xc4 Ke8
12.Ne5xd7 Nf6d5
13.Nd7c5 Qe6c6
14.Qa4xc6 bxc6
15.Nc3xd5 cxd5
16.Bc4xd5 Ra8b8
17.b3 Rb8c8
18.Bd5c6 1-0

[Event "VIC LA GARDIOLE"]
[Site "www.echecsemail.com"]
[Date "2026.01.01"]
[Round "1"]
[White "Patau"]
[Black "Woluwe1975"]
[WhiteElo "1660"]
[BlackElo "1620"]
[Result "0-1"]
1.e4 e5
2.Ng1f3 Nb8c6
3.Nb1c3 Ng8f6
4.d4 exd4
5.Nc3d5 d6
6.Nf3xd4 Nc6xd4
7.Qd1xd4 Nf6xd5
8.exd5 f6
9.Bf1b5 Kf7
10.Bb5d3 Bf8e7
11.O-O h6
12.Bc1f4 Rh8e8
13.Qd4e4 f5
14.Qe4f3 Kg8
15.Rf1e1 Be7f6
16.Bd3b5 Bc8d7
17.Bb5xd7 Qd8xd7
18.c3 Re8xe1
19.Ra1xe1 Ra8e8
20.Re1xe8 Qd7xe8
21.Qf3e3 Qe8a4
22.h3 Qa4xa2
23.Qe3e8 Kh7
24.Qe8d7 Qa2b1
25.Kh2 Qb1xb2
26.Qd7xf5 Kg8
27.Bf4xh6 Qb2xc3
28.Bh6xg7 Qc3e5
29.Qf5xe5 Bf6xe5
30.Bg7xe5 dxe5
31.Kg3 a5
{ abandon }0-1

[Event "Défi( 10J+24H/c 10J Max )"]
[Site "www.echecsemail.com"]
[Date "2026.01.01"]
[Round "1"]
[White "Tunnellavage"]
[Black "Drissou"]
[WhiteElo "1780"]
[BlackElo "1630"]
[Result "1-0"]
1.e4 e5
2.Ng1f3 Nb8c6
3.Bf1c4 Ng8f6
4.d3 Bf8c5
5.Nb1c3 O-O
6.a3 d6
7.h3 Nc6e7
8.Bc1g5 Ne7g6
9.Nc3d5 Bc8e6
10.Nd5xf6 gxf6
11.Bg5h6 Rf8e8
12.O-O Ng6f4
13.Kh2 Kh8
14.Qd1d2 Re8g8
15.Nf3h4 Qd8d7
16.Bh6xf4 exf4
17.Qd2xf4 Rg8g5
18.Qf4xf6 Rg5g7
19.Nh4f5 Be6xf5
20.exf5 Ra8e8
21.Ra1e1 Re8xe1
22.Rf1xe1 Bc5xf2
23.Re1e7 Qd7d8
24.Bc4xf7 Bf2g3
25.Kh1 Bg3e5
26.Qf6e6 Rg7xf7
27.Qe6xf7 Qd8xe7
28.Qf7xe7 h5
29.f6 Be5xf6
30.Qe7xf6 Kh7
31.Qf6f7 Kh6
32.Qf7xc7 { abandon }1-0

[Event "Suisse Sep25 R8"]
[Site "www.echecsemail.com"]
[Date "2026.01.01"]
[Round "1"]
[White "Luc20"]
[Black "Nbelnico"]
[WhiteElo "1870"]
[BlackElo "1730"]
[Result "1-0"]
1.d4 d5
2.Ng1f3 Bc8f5
3.Bc1f4 Nb8c6
4.e3 Nc6b4
5.Nb1a3 c6
6.c3 Nb4a6
7.Bf1xa6 bxa6
8.O-O e6
9.Qd1e2 Bf8e7
10.Nf3e5 Qd8c8
11.Na3c2 Ng8f6
12.Bf4g5 h6
13.Bg5h4 c5
14.Rf1c1 O-O
15.Nc2e1 c4
16.h3 Qc8d8
17.Ne5c6 Qd8c7
18.Nc6xe7 Qc7xe7
19.Ne1f3 Bf5d3
20.Qe2d1 g5
21.Bh4g3 Nf6e4
22.Nf3e1 Qe7f6
23.Ne1xd3 cxd3
24.Qd1xd3 h5
25.Rc1c2 h4
26.Bg3e5 Qf6f5
27.Qd3e2 a5
28.Qe2h5 Qf5h7
29.Qh5xh7 Kxh7
30.f3 Ne4g3
31.Kf2 f6
32.Be5xg3 hxg3
33.Kxg3 Kh6
34.c4 dxc4
35.Rc2xc4 Ra8b8
36.b3 Rb8b5
37.Ra1c1 e5
38.dxe5 Rb5xe5
39.e4 f5
40.Rc4c6 Kh5
41.exf5 Re5xf5
42.Rc6a6 Rf8a8
43.Rc1c6 Ra8h8
44.Ra6xa7 g4
45.fxg4 { abandon }1-0

[Event "Tournoi n27357"]
[Site "www.echecsemail.com"]
[Date "2026.01.01"]
[Round "1"]
[White "Tiounet"]
[Black "Abelito"]
[WhiteElo "1670"]
[BlackElo "1600"]
[Result "1-0"]
1.a3 e5
2.b4 d5
3.Bc1b2 Nb8d7
4.Ng1f3 Ng8f6
5.Nf3xe5 Bf8d6
6.Ne5f3 c5
7.bxc5 Bd6xc5
8.e3 Qd8e7
9.g3 O-O
10.Bf1g2 Nf6e4
11.O-O b5
12.d3 Ne4f6
13.Nb1c3 Bc8a6
14.Nc3e2 b4
15.axb4 Bc5xe3
16.fxe3 Qe7xb4
17.Qd1c1 Ba6c8
18.Nf3e5 Nd7xe5
19.Bb2xe5 Nf6g4
20.Be5c3 Qb4d6
21.Ne2f4 Rf8e8
22.Bg2xd5 Qd6c5
23.Bd5xa8 Ng4xe3
24.Rf1e1 Ne3xc2
25.Kg2 Nc2xa1
26.Re1xe8 { abandon }1-0

[Event "TRISTAN DA CUNHA"]
[Site "www.echecsemail.com"]
[Date "2026.01.01"]
[Round "1"]
[White "4x4"]
[Black "Intrigue"]
[WhiteElo "1420"]
[BlackElo "1750"]
[Result "0-1"]
1.e4 e5
2.Ng1f3 Nb8c6
3.Nb1c3 Ng8f6
4.Bf1c4 Bf8e7
5.Nf3g5 O-O
6.Nc3d5 d6
7.Nd5xe7 Qd8xe7
8.d3 h6
9.Ng5f3 a6
10.c3 b5
11.Bc4b3 Bc8g4
12.h3 Bg4h5
13.g4 Bh5g6
14.Nf3h4 Bg6h7
15.Nh4f5 Bh7xf5
16.gxf5 a5
17.Bb3c2 Rf8d8
18.a4 b4
19.cxb4 Nc6xb4
20.Bc1d2 Nb4xc2
21.Qd1xc2 d5
22.Rh1g1 dxe4
23.dxe4 Kh7
24.Ra1c1 Rd8d7
25.Qc2c5 Nf6xe4
26.Qc5xe7 Rd7xe7
27.Bd2e3 f6
28.f3 Ne4d6
29.Be3c5 Re7d7
30.Bc5xd6 cxd6
31.Kf2 d5
32.Rc1c5 d4
33.Rg1c1 Rd7a7
34.Rc5b5 h5
35.h4 g6
36.fxg6 Kxg6
37.Rc1c6 Kf5
38.Kg3 Ra7a6
39.Rc6xa6 Ra8xa6
40.b4 axb4
41.Rb5xb4 Ra6d6
42.a5 d3
43.Rb4b6 Rd6xb6
44.axb6 d2
45.b7 d1Q
46.b8Q Qd1d4
47.Qb8c8 Kg6
48.Qc8g8 Kh6
49.Qg8f8 Kg6
50.Qf8c8 Qd4f4
51.Kf2 Qf4xh4
52.Kg2 Qh4g5
53.Kf2 Qg5h6
54.Qc8e8 Kg5
55.Kg3 h4
56.Kh3 Qh6h5
57.Qe8g8 Kf5
58.Qg8g4 Qh5xg4
59.fxg4 Kf4
60.Kxh4 e4
61.Kh5 e3
62.Kh4 e2
63.Kh3 e1Q
64.Kh2 Qe1g3
65.Kh1 Kf3
66.g5 Kf2
67.gxf6 Qg3g2
0-1

[Event "Tournoi n27340"]
[Site "www.echecsemail.com"]
[Date "2026.01.01"]
[Round "1"]
[White "Connecticcut"]
[Black "Oranmore"]
[WhiteElo "1870"]
[BlackElo "1870"]
[Result "0-1"]
1.e4 c5
2.Ng1f3 d6
3.h3 g6
4.Bf1c4 e6
5.O-O Bf8g7
6.c3 d5
7.exd5 exd5
8.Bc4b5 Bc8d7
9.Bb5xd7 Qd8xd7
10.d4 cxd4
11.Nf3xd4 Ng8e7
12.Bc1e3 O-O
13.Nb1d2 Nb8c6
14.Nd4xc6 Ne7xc6
15.Nd2f3 Nc6e5
16.Be3d4 f6
17.Rf1e1 Ne5c6
18.Bd4c5 Rf8e8
19.Qd1d2 b6
20.Bc5d4 Nc6xd4
21.Nf3xd4 f5
22.Re1e2 Bg7xd4
23.Re2xe8 Ra8xe8
24.cxd4 Re8e7
25.Ra1c1 Qd7e8
26.g3 Kg7
27.Rc1c2 h6
28.Kg2 Re7d7
29.h4 Qe8e7
30.Qd2f4 Qe7e4
31.Qf4xe4 dxe4
32.Rc2c4 g5
33.hxg5 hxg5
34.a4 Kg6
35.b4 Rd7d6
36.b5 g4
37.Rc4c6 Rd6f6
38.Kf1 Kg7
39.d5 Kg6
40.d6 Kf7
41.Rc6c7 Ke8
42.d7 Kd8
43.Rc7xa7 Rf6d6
44.Ra7b7 Ke7
45.Ke2 Rd6d4
46.Rb7xb6 Rd4xa4
47.Ke3 Ra4a3
48.Kd4 Kxd7
49.Rb6c6 Ra3f3
50.Ke5 Rf3xf2
51.Rc6d6 Kc7
52.Ke6 e3
53.Rd6c6 Kb7
54.Kf6 f4
55.gxf4 Rf2xf4
56.Kg5 Rf4e4
57.Rc6c1 e2
58.Rc1e1 g3
59.Kf5 Re4e8
60.Kf4 g2
{ abandon }0-1

[Event "Eq:au plaisir du jeux -O fou d hello :"]
[Site "www.echecsemail.com"]
[Date "2026.01.01"]
[Round "1"]
[White "Jasmartin"]
[Black "Jyfsk"]
[WhiteElo "2070"]
[BlackElo "1830"]
[Result "1-0"]
1.Ng1f3 Ng8f6
2.d4 e6
3.Nb1d2 Bf8e7
4.e3 O-O
5.Bf1d3 b6
6.e4 Bc8b7
7.e5 Bb7xf3
8.Nd2xf3 Nb8c6
9.a3 a6
10.exf6 Be7xf6
11.c3 Nc6e7
12.O-O d6
13.Rf1e1 c6
14.h4 g6
15.Bc1h6 Bf6g7
16.Bh6g5 f6
17.Bg5d2 b5
18.Re1xe6 Qd8d7
19.d5 Ne7xd5
20.Re6e1 c5
21.Bd3e4 Qd7b7
22.Bd2h6 Bg7xh6
23.Be4xd5 { abandon }1-0